000 00483nam a2200157 4500
001 148925
003 ES-MaACL
005 20230906202855.0
007 t|
008 070214s1970 sp r ||||1| spa d
100 1 _aSuñé Arbussá, José María.
_9108791
245 1 0 _aCurriculum Vitae /
_cProf. José Mª Suñé Arbussá.
260 _aGranada :
_b[s. n.],
_c1970 (
_fGráf. del Sur)
300 _a49 p., 1 lám. = retr. aut. ;
_c24 cm.
852 _aES-MaACL
_j2075-F-18
_bR.76016
999 _c148925
_d148925